000
002960000a22000970004500
100
1
_a
Baer, David
245
1
0
_a
That merciful touch : A profesor's influence can be life-changing
300
_a
Vol. 71, Num. 4 (Octubre-Diciembre, 1991), Página 16
773
0
_t
Latin America Evangelist
942
_c
ANA
999
_c
54613
_d
54613